[Event "interzonal (w)"]
[Site "Smederevska Palanka YUG"]
[Date "1987.08.01"]
[Round "14"]
[White "Voiska, Margarita"]
[Black "Chaves, Joara"]
[Result "0-1"]
[WhiteElo "2350"]
[BlackElo "2130"]
[EventDate "1987.07.16"]
[PlyCount "78"]

1.Nf3 f5 2.g3 Nf6 3.Bg2 e6 4.O-O Be7 5.c4 O-O 6.Nc3 d6 7.d3 e5 8.Bg5 c6 9.
b4 Qe8 10.b5 e4 11.Nd4 Qh5 12.Bxf6 Bxf6 13.dxe4 c5 14.Nd5 cxd4 15.Nc7 fxe4
16.Bxe4 Bh3 17.Nxa8 Bxf1 18.Bf3 Qc5 19.Qxf1 d3 20.Rd1 Nd7 21.Qh3 dxe2 22.
Qe6+ Kh8 23.Re1 Ne5 24.Be4 Rxa8 25.Rxe2 Rf8 26.Kg2 Qc8 27.Qxd6 Nxc4 28.Qd5
Ne5 29.f4 Rd8 30.Qb3 Ng6 31.Qf3 Qc3 32.Qh5 Rd2 33.Bxb7 Rxe2+ 34.Qxe2 Qc5 
35.Qe8+ Qf8 36.Qe3 h6 37.Qxa7 Ne7 38.Qc5 Ng6 39.Qc4 Qd8 0-1

[Event "interzonal (w)"]
[Site "Smederevska Palanka YUG"]
[Date "1987.08.01"]
[Round "14"]
[White "Wu Mingqian"]
[Black "Nyberg, Christina"]
[Result "1-0"]
[WhiteElo "2205"]
[BlackElo "2045"]
[EventDate "1987.07.16"]
[PlyCount "75"]

1.b4 d5 2.Bb2 Nf6 3.e3 Bf5 4.Nf3 e6 5.b5 Be7 6.Be2 h6 7.O-O O-O 8.d4 c5 9.
dxc5 Bxc5 10.Nbd2 Nbd7 11.c4 dxc4 12.Nxc4 Rc8 13.Rc1 Qe7 14.a4 Rfd8 15.Qb3
Nb6 16.a5 Nxc4 17.Bxc4 Ne4 18.h3 Bb4 19.a6 bxa6 20.bxa6 Bd6 21.Rfd1 Ng5 
22.Be2 Be4 23.Nxg5 Qxg5 24.Bf1 Bd5 25.Qa4 Rb8 26.h4 Qh5 27.Qd4 f6 28.f4 
Qxh4 29.Bc3 Rbc8 30.Ba5 Rxc1 31.Rxc1 Rd7 32.Bb5 Rf7 33.Be8 Re7 34.Bg6 Qg4 
35.Rc8+ Re8 36.Rxe8+ Bf8 37.Rxf8+ Kxf8 38.Qc5+ 1-0

[Event "interzonal (w)"]
[Site "Smederevska Palanka YUG"]
[Date "1987.08.03"]
[Round "15"]
[White "Chaves, Joara"]
[Black "Wu Mingqian"]
[Result "1/2-1/2"]
[WhiteElo "2130"]
[BlackElo "2205"]
[EventDate "1987.07.16"]
[PlyCount "101"]

1.e4 e5 2.Nf3 Nf6 3.Nxe5 d6 4.Nf3 Nxe4 5.Qe2 Qe7 6.d3 Nf6 7.Nc3 Bg4 8.
Qxe7+ Bxe7 9.Be2 O-O 10.h3 Bd7 11.Be3 c5 12.d4 Nc6 13.O-O-O h6 14.g4 Rfd8 
15.d5 Na5 16.Nh2 Nh7 17.f4 a6 18.Nf3 b5 19.g5 hxg5 20.fxg5 Re8 21.Rh2 Bf8 
22.Bf4 b4 23.Nb1 Bb5 24.Bd3 Bxd3 25.Rxd3 Re4 26.Bd2 Nc4 27.h4 Rae8 28.b3 
Nb6 29.c4 g6 30.h5 Bg7 31.hxg6 fxg6 32.Rh4 Re2 33.Rh2 R2e7 34.Bf4 Nc8 35.
Nbd2 a5 36.Kc2 Rf8 37.Be3 Nb6 38.Nh4 Rfe8 39.Nxg6 Rxe3 40.Nh4 Rxd3 41.Kxd3
Nxg5 42.Rg2 Re5 43.Ng6 Nf7 44.Nxe5 Nxe5+ 45.Ke4 Kf7 46.Kf5 Nc8 47.Ne4 Nf3 
48.Rf2 Be5 49.Kg4 Kf8 50.Kh5 Ke7 51.Kg4 1/2-1/2

[Event "interzonal (w)"]
[Site "Smederevska Palanka YUG"]
[Date "1987.08.03"]
[Round "15"]
[White "Izrailov, Inna"]
[Black "Gaprindashvili, Nona"]
[Result "1/2-1/2"]
[WhiteElo "2120"]
[BlackElo "2495"]
[EventDate "1987.07.16"]
[PlyCount "101"]

1.e4 c5 2.Nc3 Nc6 3.f4 g6 4.Nf3 Bg7 5.Bb5 d6 6.Bxc6+ bxc6 7.d3 Nh6 8.O-O 
O-O 9.Qe1 f5 10.e5 Nf7 11.Qe2 dxe5 12.Nxe5 Nxe5 13.fxe5 Qd4+ 14.Be3 Qxe5 
15.Qf2 Qxe3 16.Qxe3 Bd4 17.Rfe1 e5 18.Na4 Re8 19.Nxc5 Bxe3+ 20.Rxe3 Kf7 
21.Rf1 Rb8 22.b3 Re7 23.a3 a5 24.c3 Kf6 25.Rfe1 f4 26.R3e2 Bg4 27.Rb2 Bf5 
28.Kf2 g5 29.Rd1 Rd8 30.Rdd2 h5 31.b4 axb4 32.cxb4 g4 33.a4 h4 34.b5 cxb5 
35.axb5 g3+ 36.hxg3 hxg3+ 37.Ke1 Bg4 38.b6 Rh7 39.Rdc2 Kf5 40.b7 f3 41.
gxf3 Rh1+ 42.Ke2 g2 43.fxg4+ Kg6 44.b8=Q Rxb8 45.Rxb8 g1=Q 46.Rb6+ Kf7 47.
Rb7+ Ke8 48.Rb8+ Ke7 49.Rb7+ Ke8 50.Rb8+ Kf7 51.Rb7+ 1/2-1/2

[Event "interzonal (w)"]
[Site "Smederevska Palanka YUG"]
[Date "1987.08.03"]
[Round "15"]
[White "Levitina, Irina"]
[Black "De Armas Perez, Asela"]
[Result "1-0"]
[WhiteElo "2350"]
[BlackElo "2220"]
[EventDate "1987.07.16"]
[PlyCount "127"]

1.d4 d6 2.e4 g6 3.Nc3 Bg7 4.Bg5 Nc6 5.Nge2 Nf6 6.Qd2 O-O 7.f3 a6 8.Bh6 e5 
9.d5 Na5 10.Ng3 c5 11.h4 b5 12.h5 b4 13.Nd1 Ra7 14.Bxg7 Kxg7 15.Ne3 Ng8 
16.O-O-O h6 17.Kb1 g5 18.f4 f6 19.fxg5 fxg5 20.Be2 Raf7 21.Ngf5+ Kh7 22.
Ng4 Bxf5 23.exf5 Nf6 24.Nxf6+ Rxf6 25.Bxa6 Qb6 26.Qe2 Ra8 27.Bc4 Kg7 28.
Rhf1 Qa7 29.Rf3 Raf8 30.g4 R6f7 31.Bb5 Kf6 32.a4 Rc7 33.c3 b3 34.c4 Rb8 
35.Re3 Re7 36.Re1 Rd8 37.Qd2 Qc7 38.Rd3 Qb6 39.Ree3 Qc7 40.Rc3 Qb6 41.Kc1 
Qc7 42.Kd1 Qb6 43.Ke2 Qc7 44.Rxb3 Nxb3 45.Rxb3 Ra8 46.Bc6 Ra7 47.Qc2 Qd8 
48.Rb5 Ra5 49.Qb3 Rxb5 50.Qxb5 Ra7 51.b4 cxb4 52.Qxb4 Ra5 53.Qb7 Qe7 54.
Qb8 Rc5 55.Qh8+ Qg7 56.Qxg7+ Kxg7 57.Bb5 Rc7 58.a5 Kf6 59.Ke3 e4 60.a6 Ra7
61.Kxe4 Re7+ 62.Kd3 Re1 63.c5 dxc5 64.d6 1-0

[Event "interzonal (w)"]
[Site "Smederevska Palanka YUG"]
[Date "1987.08.03"]
[Round "15"]
[White "Litinskaya, Marta"]
[Black "Klimova-Richtrova, Eliska"]
[Result "1-0"]
[WhiteElo "2415"]
[BlackElo "2380"]
[EventDate "1987.07.16"]
[PlyCount "85"]

1.d4 g6 2.c4 Bg7 3.Nf3 c5 4.d5 f5 5.g3 d6 6.Bg2 Na6 7.O-O Nc7 8.Nc3 Nf6 9.
Rb1 O-O 10.b3 Rb8 11.Bb2 a6 12.Qd3 b5 13.Nd2 Ng4 14.e3 e5 15.dxe6 Bxe6 16.
Nd5 Ne5 17.Nxc7 Qxc7 18.Qc2 bxc4 19.bxc4 Qd7 20.Rfc1 Rfd8 21.f4 Ng4 22.
Bxg7 Qxg7 23.Rb3 Qe7 24.Rcb1 Rxb3 25.Rxb3 Bf7 26.Nf1 Nf6 27.Rb6 Qe6 28.Qc3
Ne4 29.Bxe4 Qxe4 30.Nd2 Qe7 31.Rxa6 d5 32.cxd5 Bxd5 33.a4 Qd7 34.Qxc5 Bf7 
35.Nf1 Qd3 36.Rc6 Bd5 37.Rc8 Rxc8 38.Qxc8+ Kg7 39.Qc5 Kh6 40.Qd4 Qb3 41.a5
Qa2 42.Qd2 Qa1 43.Qxd5 1-0

[Event "interzonal (w)"]
[Site "Smederevska Palanka YUG"]
[Date "1987.08.03"]
[Round "15"]
[White "Madl, Ildiko"]
[Black "Voiska, Margarita"]
[Result "1-0"]
[WhiteElo "2335"]
[BlackElo "2350"]
[EventDate "1987.07.16"]
[PlyCount "67"]

1.e4 e6 2.d4 d5 3.Nc3 Bb4 4.e5 Ne7 5.a3 Bxc3+ 6.bxc3 c5 7.Qg4 Qc7 8.Bd3 
cxd4 9.Ne2 Nbc6 10.cxd4 Bd7 11.O-O Ng6 12.Bg5 h6 13.Bd2 Nce7 14.Ng3 O-O-O 
15.Bb4 Rdg8 16.Nh5 f5 17.Qh3 Bc6 18.c4 Kd8 19.Rac1 Qd7 20.Qg3 Nf8 21.Ba5+ 
Ke8 22.Be2 Nh7 23.Bb4 Kf7 24.Nf4 g6 25.Bxe7 Qxe7 26.cxd5 exd5 27.Qb3 Rd8 
28.Bf3 Ng5 29.Bxd5+ Rxd5 30.Nxd5 Qe6 31.Rxc6 bxc6 32.Qb7+ Kf8 33.Nf4 Qe8 
34.Rc1 1-0

[Event "interzonal (w)"]
[Site "Smederevska Palanka YUG"]
[Date "1987.08.03"]
[Round "15"]
[White "Maric, Alisa"]
[Black "Lelchuk, Zoya"]
[Result "1/2-1/2"]
[WhiteElo "2360"]
[BlackElo "2340"]
[EventDate "1987.07.16"]
[PlyCount "28"]

1.c4 Nf6 2.Nf3 g6 3.g3 Bg7 4.Bg2 O-O 5.O-O d6 6.Nc3 e5 7.d3 Nc6 8.Rb1 Re8 
9.b4 a6 10.a4 Nd4 11.Bg5 h6 12.Bxf6 Bxf6 13.e3 Nxf3+ 14.Bxf3 Bg7 1/2-1/2

[Event "interzonal (w)"]
[Site "Smederevska Palanka YUG"]
[Date "1987.08.03"]
[Round "15"]
[White "Markovic-Jovanovic, Gordana"]
[Black "An Yangfeng"]
[Result "1/2-1/2"]
[WhiteElo "2335"]
[BlackElo "2280"]
[EventDate "1987.07.16"]
[PlyCount "60"]

1.e4 g6 2.d4 Bg7 3.Nf3 d6 4.Nc3 Nf6 5.h3 c6 6.a4 a5 7.Be3 O-O 8.Be2 Qc7 9.
O-O Na6 10.Nd2 e5 11.dxe5 dxe5 12.Nc4 Rd8 13.Qe1 Nd7 14.f4 Nb4 15.Rc1 Rb8 
16.fxe5 Rf8 17.Bf4 Nxe5 18.Qg3 Re8 19.Rfd1 Ra8 20.Nd6 Re6 21.Nxc8 Qxc8 22.
Rd2 Re8 23.Qf2 Qc7 24.Bc4 Qe7 25.Bb3 Na6 26.Rf1 Rf8 27.Be3 Rad8 28.Rfd1 
Rxd2 29.Rxd2 Nd7 30.Kf1 Ne5 1/2-1/2

[Event "interzonal (w)"]
[Site "Smederevska Palanka YUG"]
[Date "1987.08.03"]
[Round "15"]
[White "Nyberg, Christina"]
[Black "Arkell, Susan"]
[Result "0-1"]
[WhiteElo "2045"]
[BlackElo "2335"]
[EventDate "1987.07.16"]
[PlyCount "68"]

1.d4 d5 2.Nf3 c5 3.c4 e6 4.cxd5 exd5 5.Nc3 Nc6 6.g3 Nf6 7.Bg2 Be7 8.O-O 
O-O 9.Bg5 cxd4 10.Nxd4 h6 11.Be3 Re8 12.Rc1 Bf8 13.Nxc6 bxc6 14.Na4 Ng4 
15.Bc5 Ba6 16.Re1 Qf6 17.Bd4 Qg6 18.h3 Ne5 19.Qc2 Qxc2 20.Rxc2 Nd3 21.Ra1 
Nb4 22.Rc3 Rxe2 23.Bf3 Rc2 24.Nc5 Bc8 25.Bg2 Rxb2 26.Nb3 Bd7 27.Na5 Nc2 
28.Rd1 Nxd4 29.Rxd4 Bb4 30.Rb3 Bxa5 31.Rxb2 Bc3 32.Rb7 Bc8 33.Rdb4 Bxb4 
34.Rxb4 Kf8 0-1